[Event "Wch U14"]
[Site "Florianopolis"]
[Date "2024.11.05"]
[Round "7"]
[White "Motta, Pedro Jose Colombo"]
[Black "Kostyukovich, Dmitry"]
[Result "1/2-1/2"]
[WhiteElo "1595"]
[BlackElo "1662"]
[PlyCount "82"]
[EventDate "2024.10.29"]
[EventType "swiss"]
[EventRounds "11"]
[EventCountry "BRA"]
[SourceTitle "CB45_2024"]
[Source "ChessBase"]
[SourceDate "2024.11.06"]
[SourceVersion "1"]
[SourceVersionDate "2024.11.06"]
[SourceQuality "1"]

1. e4 c5 2. Nf3 Nc6 3. d4 cxd4 4. Nxd4 e5 5. Nb5 Nf6 6. Bd3 Be7 7. 0-0 0-0 8. N1c3 a6 9. Na3 b5 10. Nd5 Bxa3 11. bxa3 Nxd5 12. exd5 Ne7 13. Qh5 f5 14. d6 Nd5 15. Bxf5 g6 16. Bxg6 hxg6 17. Qxg6+ Kh8 18. Qe4 Bb7 19. Qxe5+ Qf6 20. Qh5+ Kg8 21. Rb1 Qg7 22. Bh6 Qxg2+ 23. Kxg2 Nf4+ 24. Kg1 Nxh5 25. Bxf8 Nf4 26. h4 Ne2+ 27. Kh2 Rxf8 28. Rbe1 Bf3 29. Rb1 Rf4 30. Rb4 Be4 31. Kh3 Rf3+ 32. Kg4 Rf4+ 33. Kh3 Rf3+ 34. Kh2 Bf5 35. Rb3 Rf4 36. Kg2 Rg4+ 37. Kh2 Rxh4+ 38. Kg2 Rg4+ 39. Kh1 Rh4+ 40. Kg2 Rg4+ 41. Kh1 Rh4+ 1/2-1/2